Генетическая инженерия, молекулярная биология, селекция промышленных микроорганизмов. 1988, Вып.2: Перспективы создания и улучшения штампов микроорганизмов для производства аминокислот (Запись № 2258622)

Подробности
000 -МАРКЕР
контрольное поле 01537nam2a22002651 4500
001 - ИДЕНТИФИКАТОР ЗАПИСИ
контрольное поле RU\NLR\INFOCOMM16\1000021921
005 - ИДЕНТИФИКАТОР ВЕРСИИ
контрольное поле 20250617160645.0
035 ## - ДРУГИЕ СИСТЕМНЫЕ НОМЕРА
Идентификатор записи (NLR Aleph) 002764090
100 ## - ДАННЫЕ ОБЩЕЙ ОБРАБОТКИ
Данные общей обработки 20040128d1988 |||y0rusy50 ca
101 0# - ЯЗЫК РЕСУРСА
Язык текста, звукозаписи и т.д. русский
102 ## - СТРАНА ПУБЛИКАЦИИ ИЛИ ПРОИЗВОДСТВА
Страна публикации Российская Федерация
105 ## - ПОЛЕ КОДИРОВАННЫХ ДАННЫХ: ТЕКСТОВЫЕ МАТЕРИАЛЫ, МОНОГРАФИЧЕСКИЕ
Кодированные данные о монографическом текстовом документе y |||||||||
200 1# - ЗАГЛАВИЕ И СВЕДЕНИЯ ОБ ОТВЕТСТВЕННОСТИ
Основное заглавие Перспективы создания и улучшения штампов микроорганизмов для производства аминокислот
Первые сведения об ответственности Саканян В.А.
Последующие сведения об ответственности Овсепян А.С.
210 ## - ПУБЛИКАЦИЯ, РАСПРОСТРАНЕНИЕ И ДР.
Дата издания, распространения и т.д. 1988
Место издания, распространения и т.д. Б. м.
461 #0 - УРОВЕНЬ НАБОРА
Встроенное поле 001RU\NLR\INFOCOMM16\1000021917
-- 2001#$aГенетическая инженерия, молекулярная биология, селекция промышленных микроорганизмов$eОбзор информ.$fМ-во мед. и микробиол. пром-сти СССР. ЦБНТИ. ЦБНТИ Минмедбиопром$v1988, Вып.2
Системный номер (АБИС) связанной записи 2258586
Место публикации М.
Дата публикации 1987-
Первые сведения об ответственности М-во мед. и микробиол. пром-сти СССР. ЦБНТИ. ЦБНТИ Минмедбиопром
Сведения, относящиеся к заглавию Обзор информ.
Заглавие Генетическая инженерия, молекулярная биология, селекция промышленных микроорганизмов
Номер тома 1988, Вып.2
700 #1 - ИМЯ ЛИЦА - ПЕРВИЧНАЯ ОТВЕТСТВЕННОСТЬ
Начальный элемент ввода Саканян
Часть имени, кроме начального элемента ввода В.А.
Код отношения Автор
701 #1 - ИМЯ ЛИЦА - АЛЬТЕРНАТИВНАЯ ОТВЕТСТВЕННОСТЬ
Начальный элемент ввода Овсепян
Часть имени, кроме начального элемента ввода А.С.
Код отношения Автор
801 #1 - ИСТОЧНИК ЗАПИСИ
Страна Российская Федерация
Организация InfoComm
Дата составления 20040128
801 #0 - ИСТОЧНИК ЗАПИСИ
Страна Российская Федерация
Организация NLR
Правила каталогизации PSBO
852 ## - МЕСТОНАХОЖДЕНИЕ И ШИФР ХРАНЕНИЯ
Идентификатор организации NLR
Шифр хранения (Call Number) П7/2151
942 ## - ДОПОЛНИТЕЛЬНЫЕ ЭЛЕМЕНТЫ ЗАПИСИ (АБИС)
Тип экземпляра АБИС Выпуск
980 ## - КОЛЛЕКЦИЯ
Название коллекции Национальная библиография
980 ## - КОЛЛЕКЦИЯ
Название коллекции Русская периодика

Нет доступных экземпляров.